| 000 | 02010nam a22003855i 4500 | ||
|---|---|---|---|
| 001 | 10635 | ||
| 003 | ES-MaACL | ||
| 005 | 20250731063017.0 | ||
| 007 | t| | ||
| 008 | 941117s1994 sp ||||0| spa j | ||
| 017 |
_aM 32115-1994 _bOficina Depósito Legal Madrid |
||
| 020 | _a84-7100-644-8 | ||
| 040 |
_aM-BN _bspa _cM-BN |
||
| 080 | _a98(=60)"1492/1600"(093) | ||
| 245 | 0 | 0 |
_aColección documental del descubrimiento : _b(1470-1506) / _cJuan Pérez de Tudela (director de la edición) ; Carlos Seco Serrano, Ramón Ezquerra Abadía, Emilio López Oto |
| 260 |
_a[Madrid] : _bReal Academia de la Historia : _bConsejo Superior de Investigaciones Científicas : _bFundación MAPFRE América, _c1994 |
||
| 300 |
_a3 volúmenes (2225 páginas) ; _c26 cm |
||
| 500 | _aÍndices | ||
| 504 | _aBibliografía: v. 3, páginas [2127]-2147 | ||
| 505 | 8 | _aVol. 1. 22 de septiembre de 1470-12 de junio de 1494 (CCXLIV, 626 p.) - v. 2. 21 de junio de 1494-12 de diciembre de 1501 ([4], p. 627-1362) - v. 3. 12 de diciembre de 1501-4 de junio de 1506 - Addenda ([4], p. 1363-2225, [2] p.) | |
| 530 | _aDisponible en formato digital | ||
| 651 | 4 |
_aAmérica española- _xHistoria- _y1492-1600 (Descubrimiento y conquista)- _vFuentes _97725 |
|
| 700 | 1 |
_aPérez de Tudela y Bueso, Juan, _d1922-2004 _epbd _990810 |
|
| 700 | 1 |
_aSeco Serrano, Carlos, _d1923-2020 _eaut _9105054 |
|
| 700 | 1 |
_aEzquerra Abadía, Ramón, _d1904-1994 _eaut _948475 |
|
| 700 | 1 |
_aLópez Oto, Emilio, _d1920- _eaut _9241456 |
|
| 710 | 2 |
_aReal Academia de la Historia (España) _eedt _96309 |
|
| 710 | 2 |
_aConsejo Superior de Investigaciones Científicas (España) _eedt _93236 |
|
| 710 | 2 |
_aFundación MAPFRE América _eedt _94363 |
|
| 852 |
_aES-MaACL _bR.124199 _jL-18032-34 _cDEPO2 |
||
| 856 |
_uhttps://bibliotecadigital.rah.es/es/consulta/registro.do?id=62209 _yVersión en línea _z(Biblioteca Digital Real Academia de la Historia) |
||
| 942 |
_2udc _cMONOGRAFIA _n0 |
||
| 999 |
_c10635 _d10635 |
||